| 000 | 00557nam a22001817a 4500 | ||
|---|---|---|---|
| 003 | OSt | ||
| 005 | 20251022035647.0 | ||
| 008 | 251022b |||||||| |||| 00| 0 eng d | ||
| 020 | _a978-971-581-361-7 | ||
| 040 |
_aDWCL - Main Lib _cOC |
||
| 082 | _aFil. 128.46 M379i 2023 | ||
| 100 | _aMartinborough, Gordon O. | ||
| 245 |
_aI Love You / _cGordon O. Martinborough |
||
| 260 |
_aCavite, Philippines : _bPhilippine Publishing House, _cc2023. |
||
| 300 |
_a265 pages : _bcolor illustrations ; _c22cm. |
||
| 650 | _aLove | ||
| 942 |
_2ddc _cBK - FIL _mFic. _n0 |
||
| 999 |
_c5012 _d5012 |
||